000
00304nam a22001337a 4500
008
170331b xxu||||| |||| 00| 0 eng d
020
_a
9781451112481
041
_a
eng
080
_a
61
100
_a
4
101
_a
SHM
245
_a
PHOTO ATLAS FOR MEDICATION ADMINISTRATION
_c
LYNN, P
942
_2
udc
_c
BK
999
_c
9290
_d
9290